Blockchain and the law : the rule of code (Record no. 300603)

MARC details
000 -LEADER
fixed length control field 00406nam a22001457a 4500
005 - DATE AND TIME OF LATEST TRANSACTION
control field 20250715134423.0
008 - FIXED-LENGTH DATA ELEMENTS--GENERAL INFORMATION
fixed length control field 250715b |||||||| |||| 00| 0 eng d
020 ## - INTERNATIONAL STANDARD BOOK NUMBER
International Standard Book Number 9780674272194
082 ## - DEWEY DECIMAL CLASSIFICATION NUMBER
Classification number 005.824 DEF
100 ## - MAIN ENTRY--PERSONAL NAME
Personal name De Filippi, Primavera. Wright, Aaron.
245 ## - TITLE STATEMENT
Title Blockchain and the law : the rule of code
260 ## - PUBLICATION, DISTRIBUTION, ETC. (IMPRINT)
Place of publication, distribution, etc. Cambridge
Name of publisher, distributor, etc. Harvard University Press
Date of publication, distribution, etc. 2018
300 ## - PHYSICAL DESCRIPTION
Extent 300
942 ## - ADDED ENTRY ELEMENTS (KOHA)
Koha item type Law Books
Holdings
Date last seen Total Checkouts Full call number Accession number Copy number Cost, replacement price Price effective from Category Lost status Source of classification or shelving scheme Damaged status Department Withdrawn status bill no. bill date Permanent Location Current Location Shelving location Entry date Vendor Cost, normal purchase price Grants Currency symbol Conversion rate Discount Discount type Date checked out
15/07/2025   005.824 DEF;1 R LL4405 1 599.25 15/07/2025 Law Books   Dewey Decimal Classification   LAW   272 01/04/2025 Law Library Law Library Law Library 20/06/2025 MPP House 799.00 Law RS 1 25 %  
15/07/2025   005.824 DEF;2 R1 LL4406 2 599.25 15/07/2025 Law Books   Dewey Decimal Classification   LAW   272 01/04/2025 Law Library Law Library Law Library 20/06/2025 MPP House 799.00 Law RS 1 25 %  
19/01/2026 1 005.824 DEF;3 LL4407 3 599.25 15/07/2025 Law Books   Dewey Decimal Classification   LAW   272 01/04/2025 Law Library Law Library Law Library 20/06/2025 MPP House 799.00 Law RS 1 25 % 09/01/2026

© For any Suggestions or Query, please contact the library staff @ librarian@pes.edu or Phone: +9180 2672 1983/ 2108.